[Event "Muensterland Verbandsliga 2526"]
[Site "Germany"]
[Date "2026.01.17"]
[Round "5"]
[Board "2"]
[White "Eiersbrock, Marko"]
[Black "Langheinrich, Joern"]
[Result "1/2-1/2"]
[WhiteElo "1859"]
[BlackElo "1831"]
[WhiteFideId "-1"]
[BlackFideId "-1"]
[PlyCount "117"]
[GameId "2269224568906313"]
[EventDate "2025.??.??"]
[EventType "team-tourn"]
[EventRounds "9"]
[EventCountry "GER"]
[SourceTitle "Verband Muensterland"]
[SourceDate "2025.11.13"]
[SourceVersion "1"]
[SourceVersionDate "2025.11.13"]
[SourceQuality "1"]
[WhiteTeam "Duelmen"]
[BlackTeam "Muenster Indische Dame"]
[WhiteTeamCountry "GER"]
[BlackTeamCountry "GER"]

1. d4 Nf6 2. Nf3 e6 3. Bg5 c5 4. Bxf6 Qxf6 5. e4 cxd4 6. Qxd4 Nc6 7. Qxf6 gxf6 8. a3 Rg8 9. Nc3 a6 10. O-O-O Bc5 11. Rd2 b5 12. b4 Bb6 13. g3 a5 14. Bxb5 axb4 15. axb4 Ra1+ 16. Nb1 Nxb4 17. Kb2 Ra5 18. Nc3 Ke7 19. Nd4 Ba6 20. Ba4 Bc4 21. Nb3 Ra7 22. Rhd1 d5 23. exd5 Nxd5 24. Nxd5+ Bxd5 25. Bb5 Rga8 26. c4 Bf3 27. Rd7+ Kf8 28. Rxa7 Rxa7 29. Rd2 Bc7 30. Nd4 Be5 31. Kb3 Bxd4 32. Rxd4 Ke7 33. Rd2 Rc7 34. Kb4 Bc6 35. Ka5 Be8 36. Kb6 Rc8 37. Kb7 Rc5 38. Kb6 Rc8 39. Bxe8 Kxe8 40. c5 Rb8+ 41. Kc7 Ra8 42. c6 Ra7+ 43. Kd6 Kd8 44. Rd4 Ra2 45. Rf4 Rd2+ 46. Kc5 Rc2+ 47. Kb5 Rb2+ 48. Ka4 Rc2 49. Rxf6 Ke7 50. Rh6 Rxc6 51. Rxh7 e5 52. Kb3 Rc1 53. Rh5 Ke6 54. g4 Rf1 55. Rf5 Rh1 56. Rh5 Rf1 57. Rh6+ f6 58. g5 Rxf2 59. gxf6 1/2-1/2

[Event "Muensterland Verbandsliga 2526"]
[Site "Germany"]
[Date "2026.01.17"]
[Round "5"]
[Board "3"]
[White "Diersen, Joerg"]
[Black "Loedding, Detlef"]
[Result "1/2-1/2"]
[WhiteElo "1795"]
[BlackElo "1860"]
[WhiteFideId "-1"]
[BlackFideId "-1"]
[PlyCount "30"]
[GameId "2269226702947030"]
[EventDate "2025.??.??"]
[EventType "team-tourn"]
[EventRounds "9"]
[EventCountry "GER"]
[SourceTitle "Verband Muensterland"]
[SourceDate "2025.11.13"]
[SourceVersion "1"]
[SourceVersionDate "2025.11.13"]
[SourceQuality "1"]
[WhiteTeam "Muenster Indische Dame"]
[BlackTeam "Duelmen"]
[WhiteTeamCountry "GER"]
[BlackTeamCountry "GER"]

1. e4 c5 2. Nf3 Nc6 3. d4 cxd4 4. Nxd4 g6 5. c4 Nf6 6. Nc3 d6 7. Be2 Nxd4 8. Qxd4 Bg7 9. O-O O-O 10. Rd1 Be6 11. Qd3 Nd7 12. Nd5 Rc8 13. Be3 Nc5 14. Qc2 f5 15. f3 fxe4 1/2-1/2

[Event "Muensterland Verbandsliga 2526"]
[Site "Germany"]
[Date "2026.01.17"]
[Round "5"]
[Board "4"]
[White "Dieckerhoff, Stefan"]
[Black "Brambrink, Ulf"]
[Result "1-0"]
[WhiteElo "1767"]
[BlackElo "1790"]
[WhiteFideId "-1"]
[BlackFideId "-1"]
[PlyCount "131"]
[GameId "2269227168482010"]
[EventDate "2025.??.??"]
[EventType "team-tourn"]
[EventRounds "9"]
[EventCountry "GER"]
[SourceTitle "Verband Muensterland"]
[SourceDate "2025.11.13"]
[SourceVersion "1"]
[SourceVersionDate "2025.11.13"]
[SourceQuality "1"]
[WhiteTeam "Duelmen"]
[BlackTeam "Muenster Indische Dame"]
[WhiteTeamCountry "GER"]
[BlackTeamCountry "GER"]

1. Nf3 d5 2. c4 dxc4 3. Qa4+ c6 4. Qxc4 Nf6 5. g3 Nbd7 6. d4 Nb6 7. Qc2 Bg4 8. Nbd2 g6 9. Bg2 Bg7 10. O-O O-O 11. b3 Qc8 12. Bb2 Bh3 13. e3 Bxg2 14. Kxg2 Nbd7 15. Rac1 Qc7 16. Nc4 Rac8 17. Nce5 Nxe5 18. Nxe5 Nd7 19. f4 Nf6 20. e4 e6 21. Rfe1 Qa5 22. Nc4 Qa6 23. a4 Rfd8 24. Qe2 c5 25. e5 Ne8 26. dxc5 Rxc5 27. Ba3 Rcd5 28. Nd6 Qb6 29. Qe3 Qa6 30. Re2 Nxd6 31. Bxd6 Rd3 32. Qe4 Rxb3 33. Rec2 b6 34. Qc6 h5 35. Qc7 Ra8 36. Qd7 Qd3 37. Qb7 Qd5+ 38. Qxd5 exd5 39. Rc7 d4 40. R7c4 Rc3 41. R1xc3 dxc3 42. Rxc3 Bf8 43. Rc7 Bxd6 44. exd6 Rd8 45. d7 Kf8 46. Rxa7 Ke7 47. Rb7 Rxd7 48. Rxb6 Kd8 49. a5 Kc7 50. Rb2 Kc6 51. Kf3 Re7 52. a6 f5 53. Rb8 Rg7 54. Ke3 Re7+ 55. Kd4 Re4+ 56. Kd3 Ra4 57. Rg8 Kd5 58. Rxg6 Ra3+ 59. Kc2 Ke4 60. Kb2 Ra5 61. Kb3 Kf3 62. Kb4 Ra1 63. Kc5 Kg2 64. Kb6 Kh1 65. Kb7 h4 66. gxh4 1-0

[Event "Muensterland Verbandsliga 2526"]
[Site "Germany"]
[Date "2026.01.17"]
[Round "5"]
[Board "5"]
[White "Knispel Roth, Martin"]
[Black "Rebber, Christian"]
[Result "1/2-1/2"]
[WhiteElo "1796"]
[BlackElo "1799"]
[WhiteFideId "-1"]
[BlackFideId "-1"]
[PlyCount "25"]
[GameId "2269229816791776"]
[EventDate "2025.??.??"]
[EventType "team-tourn"]
[EventRounds "9"]
[EventCountry "GER"]
[SourceTitle "Verband Muensterland"]
[SourceDate "2025.11.13"]
[SourceVersion "1"]
[SourceVersionDate "2025.11.13"]
[SourceQuality "1"]
[WhiteTeam "Muenster Indische Dame"]
[BlackTeam "Duelmen"]
[WhiteTeamCountry "GER"]
[BlackTeamCountry "GER"]

1. Nf3 c5 2. c4 Nc6 3. Nc3 Nf6 4. g3 d5 5. cxd5 Nxd5 6. Bg2 Nb6 7. d3 e6 8. O-O Be7 9. Bd2 O-O 10. Rc1 c4 11. Ne1 Bd7 12. Be3 cxd3 13. Nxd3 1/2-1/2

[Event "Muensterland Verbandsliga 2526"]
[Site "Germany"]
[Date "2026.01.17"]
[Round "5"]
[Board "6"]
[White "Gehlen, Horst"]
[Black "Glotzbach, Thomas"]
[Result "1/2-1/2"]
[WhiteElo "1601"]
[BlackElo "1757"]
[WhiteFideId "-1"]
[BlackFideId "-1"]
[PlyCount "28"]
[GameId "2269230477841126"]
[EventDate "2025.??.??"]
[EventType "team-tourn"]
[EventRounds "9"]
[EventCountry "GER"]
[SourceTitle "Verband Muensterland"]
[SourceDate "2025.11.13"]
[SourceVersion "1"]
[SourceVersionDate "2025.11.13"]
[SourceQuality "1"]
[WhiteTeam "Duelmen"]
[BlackTeam "Muenster Indische Dame"]
[WhiteTeamCountry "GER"]
[BlackTeamCountry "GER"]

1. e4 c5 2. Nf3 Nc6 3. d4 cxd4 4. Nxd4 e5 5. Nb5 a6 6. Nd6+ Bxd6 7. Qxd6 Qe7 8. Qc7 Nf6 9. Nc3 d5 10. Qxe7+ Nxe7 11. Nxd5 Nexd5 12. exd5 Nxd5 13. Bd2 Be6 14. Be2 Ne7 1/2-1/2

[Event "Muensterland Verbandsliga 2526"]
[Site "Germany"]
[Date "2026.01.17"]
[Round "5"]
[Board "7"]
[White "Tenberge, Norbert"]
[Black "Sindermann, Erwin"]
[Result "1/2-1/2"]
[WhiteElo "1702"]
[BlackElo "1769"]
[WhiteFideId "-1"]
[BlackFideId "-1"]
[PlyCount "33"]
[GameId "2269230822572778"]
[EventDate "2025.??.??"]
[EventType "team-tourn"]
[EventRounds "9"]
[EventCountry "GER"]
[SourceTitle "Verband Muensterland"]
[SourceDate "2025.11.13"]
[SourceVersion "1"]
[SourceVersionDate "2025.11.13"]
[SourceQuality "1"]
[WhiteTeam "Muenster Indische Dame"]
[BlackTeam "Duelmen"]
[WhiteTeamCountry "GER"]
[BlackTeamCountry "GER"]

1. d4 e6 2. e4 d5 3. exd5 exd5 4. Bd3 Bd6 5. Nf3 Nf6 6. Bg5 O-O 7. O-O Bg4 8. Nbd2 Nbd7 9. h3 Bh5 10. c3 c6 11. Qc2 Qc7 12. Rfe1 Rfe8 13. Rxe8+ Rxe8 14. Re1 Rxe1+ 15. Nxe1 Bf4 16. Bxf4 Qxf4 17. g3 1/2-1/2

[Event "Muensterland Verbandsliga 2526"]
[Site "Germany"]
[Date "2026.01.17"]
[Round "5"]
[Board "8"]
[White "Reufer, Berthold"]
[Black "Ennen, Joerg"]
[Result "1/2-1/2"]
[WhiteElo "1593"]
[BlackElo "1614"]
[WhiteFideId "-1"]
[BlackFideId "-1"]
[PlyCount "39"]
[GameId "2269231218025205"]
[EventDate "2025.??.??"]
[EventType "team-tourn"]
[EventRounds "9"]
[EventCountry "GER"]
[SourceTitle "Verband Muensterland"]
[SourceDate "2025.11.13"]
[SourceVersion "1"]
[SourceVersionDate "2025.11.13"]
[SourceQuality "1"]
[WhiteTeam "Duelmen"]
[BlackTeam "Muenster Indische Dame"]
[WhiteTeamCountry "GER"]
[BlackTeamCountry "GER"]

1. e4 c5 2. Nf3 e6 3. d4 cxd4 4. Nxd4 Nf6 5. Bd3 Nc6 6. Be3 Be7 7. O-O O-O 8. c3 b6 9. Nxc6 dxc6 10. Qc2 Qc7 11. Nd2 Ng4 12. Nf3 Nxe3 13. fxe3 e5 14. Rf2 Be6 15. a3 a5 16. Nd2 b5 17. Re1 Qb6 18. c4 b4 19. a4 Bc5 20. Rf3 1/2-1/2

[Event "Muensterland Verbandsliga 2526"]
[Site "Germany"]
[Date "2026.01.17"]
[Round "5"]
[Board "1"]
[White "Weist, Thorsten"]
[Black "Brands, Julian"]
[Result "1-0"]
[WhiteElo "1734"]
[BlackElo "1832"]
[WhiteFideId "-1"]
[BlackFideId "-1"]
[PlyCount "91"]
[GameId "2269795118340554"]
[EventDate "2025.??.??"]
[EventType "team-tourn"]
[EventRounds "9"]
[EventCountry "GER"]
[SourceTitle "Verband Muensterland"]
[SourceDate "2025.11.13"]
[SourceVersion "1"]
[SourceVersionDate "2025.11.13"]
[SourceQuality "1"]
[WhiteTeam "Emsdetten Rochade II"]
[BlackTeam "Gescher"]
[WhiteTeamCountry "GER"]
[BlackTeamCountry "GER"]

1. d4 Nf6 2. Nf3 e6 3. c4 b6 4. g3 Bb7 5. Bg2 c5 6. O-O Be7 7. Nc3 O-O 8. d5 exd5 9. cxd5 d6 10. a4 Re8 11. e4 Nbd7 12. Re1 Bf8 13. Bf4 a6 14. Qd3 h6 15. Rad1 Ng4 16. h3 Nge5 17. Nxe5 dxe5 18. Bc1 Rc8 19. b3 Qf6 20. Rf1 Qg6 21. f4 Bd6 22. f5 Qf6 23. g4 Kh7 24. Qg3 c4 25. g5 Qe7 26. bxc4 Rxc4 27. Kh1 Rec8 28. Rf3 Nc5 29. f6 Qf8 30. fxg7 Qxg7 31. Rdf1 Rc7 32. Rf6 Rxc3 33. Qxc3 Nd7 34. Qxc7 Bxc7 35. Rxf7 hxg5 36. Bxg5 Nc5 37. Rxg7+ Kxg7 38. Rd1 Bd6 39. Rb1 Nxa4 40. h4 Bc8 41. Bf3 b5 42. Rg1 Kh7 43. h5 b4 44. Bf6 Nc3 45. Rg7+ Kh6 46. Rg8 1-0

[Event "Muensterland Verbandsliga 2526"]
[Site "Germany"]
[Date "2026.01.17"]
[Round "5"]
[Board "2"]
[White "Iking, Bernhard"]
[Black "Noering, Andreas"]
[Result "1/2-1/2"]
[WhiteElo "1828"]
[BlackElo "1802"]
[WhiteFideId "-1"]
[BlackFideId "-1"]
[PlyCount "91"]
[GameId "2267543633334379"]
[EventDate "2025.??.??"]
[EventType "team-tourn"]
[EventRounds "9"]
[EventCountry "GER"]
[SourceTitle "Verband Muensterland"]
[SourceDate "2025.11.13"]
[SourceVersion "1"]
[SourceVersionDate "2025.11.13"]
[SourceQuality "1"]
[WhiteTeam "Gescher"]
[BlackTeam "Emsdetten Rochade II"]
[WhiteTeamCountry "GER"]
[BlackTeamCountry "GER"]

1. d4 f5 2. e4 fxe4 3. Nc3 Nf6 4. Bg5 g6 5. Bxf6 exf6 6. Nxe4 Bg7 7. Nf3 d5 8. Nc3 O-O 9. Be2 Bf5 10. h4 h6 11. Kf1 c6 12. Bd3 Qd7 13. Qe2 Na6 14. Bxf5 Qxf5 15. a3 Rfe8 16. Qd2 Re7 17. Re1 Rae8 18. Rxe7 Rxe7 19. h5 g5 20. Nd1 Nc7 21. Ne3 Qe4 22. Qb4 Na6 23. Qd6 Kf7 24. Nd2 Qe6 25. Qxe6+ Rxe6 26. g4 Nc7 27. Nf5 Ne8 28. Nb3 b6 29. Rh3 Bf8 30. Rc3 Ng7 31. Nxh6+ Ke7 32. f3 Kd7 33. Nf5 Nxf5 34. gxf5 Re7 35. f4 Rh7 36. Rh3 gxf4 37. Kf2 Bh6 38. Nc1 Rg7 39. Ne2 Rg5 40. Ng1 f3 41. Nxf3 Rxf5 42. Kg3 Ke6 43. Rh1 Kf7 44. Rf1 Kg7 45. Re1 Kf7 46. Rf1 1/2-1/2

[Event "Muensterland Verbandsliga 2526"]
[Site "Germany"]
[Date "2026.01.17"]
[Round "5"]
[Board "3"]
[White "Lehmann, Mona"]
[Black "Lanfer, Stefanie"]
[Result "1-0"]
[WhiteElo "1869"]
[BlackElo "1806"]
[WhiteFideId "-1"]
[BlackFideId "-1"]
[PlyCount "87"]
[GameId "2267545407840367"]
[EventDate "2025.??.??"]
[EventType "team-tourn"]
[EventRounds "9"]
[EventCountry "GER"]
[SourceTitle "Verband Muensterland"]
[SourceDate "2025.11.13"]
[SourceVersion "1"]
[SourceVersionDate "2025.11.13"]
[SourceQuality "1"]
[WhiteTeam "Emsdetten Rochade II"]
[BlackTeam "Gescher"]
[WhiteTeamCountry "GER"]
[BlackTeamCountry "GER"]

1. e4 c6 2. d4 d5 3. exd5 cxd5 4. Bd3 Nc6 5. c3 g6 6. Bf4 Bg7 7. Nf3 Bg4 8. Nbd2 Nf6 9. h3 Bxf3 10. Qxf3 O-O 11. O-O Nh5 12. Bg5 f5 13. Bc2 Nf6 14. Rfe1 Ne4 15. Nxe4 fxe4 16. Qg4 Qd6 17. Bb3 Kh8 18. Qh4 Bf6 19. Re3 Bxg5 20. Qxg5 Rf5 21. Qh4 Raf8 22. Rf1 e5 23. Qg3 Rf4 24. dxe5 Nxe5 25. Re2 Qc5 26. Qe3 Qxe3 27. Rxe3 Rd8 28. Rd1 Nd3 29. Re2 Rf5 30. c4 Rdf8 31. cxd5 Nxf2 32. Rdd2 Nd3 33. Rxe4 Rf1+ 34. Kh2 Nf2 35. Re7 h5 36. h4 Ng4+ 37. Kg3 Nf2 38. Rde2 Nh1+ 39. Kh2 Nf2 40. d6 Rf4 41. Re8+ Kg7 42. Rxf2 R1xf2 43. d7 Rg4 44. Bd5 1-0

[Event "Muensterland Verbandsliga 2526"]
[Site "Germany"]
[Date "2026.01.17"]
[Round "5"]
[Board "4"]
[White "Hoeing, Ludger"]
[Black "Luecke, Thomas"]
[Result "0-1"]
[WhiteElo "1800"]
[BlackElo "1883"]
[WhiteFideId "-1"]
[BlackFideId "-1"]
[PlyCount "96"]
[GameId "2267547316002933"]
[EventDate "2025.??.??"]
[EventType "team-tourn"]
[EventRounds "9"]
[EventCountry "GER"]
[SourceTitle "Verband Muensterland"]
[SourceDate "2025.11.13"]
[SourceVersion "1"]
[SourceVersionDate "2025.11.13"]
[SourceQuality "1"]
[WhiteTeam "Gescher"]
[BlackTeam "Emsdetten Rochade II"]
[WhiteTeamCountry "GER"]
[BlackTeamCountry "GER"]

1. d4 Nf6 2. Nc3 d5 3. Bf4 c5 4. e3 a6 5. Nf3 Qb6 6. a3 cxd4 7. exd4 Bg4 8. Be2 e6 9. Rb1 Nbd7 10. O-O Bxf3 11. Bxf3 Bd6 12. Bg5 O-O 13. Re1 Qc7 14. h3 Rfc8 15. Rc1 b5 16. Ne2 Rab8 17. Bh4 a5 18. g4 Ne8 19. Bg2 Nb6 20. c3 Nc4 21. Rb1 b4 22. axb4 axb4 23. Bg3 Bxg3 24. fxg3 bxc3 25. bxc3 Ne3 26. Qd3 Nxg2 27. Kxg2 Nd6 28. Rb4 Rxb4 29. cxb4 Qc4 30. Qxc4 Rxc4 31. Rb1 Nb5 32. Kf3 Kf8 33. Ke3 Ke7 34. g5 Kd7 35. h4 Kc6 36. Kd3 Kd6 37. Rf1 Ke7 38. Rb1 f6 39. gxf6+ gxf6 40. g4 e5 41. dxe5 fxe5 42. Rb3 Rxg4 43. h5 Rh4 44. Kd2 Rxh5 45. Nc3 Nxc3 46. Rxc3 Rh2+ 47. Kc1 Rh4 48. b5 Rc4 0-1

[Event "Muensterland Verbandsliga 2526"]
[Site "Germany"]
[Date "2026.01.17"]
[Round "5"]
[Board "5"]
[White "Fehlings, Gerd"]
[Black "Robers, Frank"]
[Result "1/2-1/2"]
[WhiteElo "1730"]
[BlackElo "1679"]
[WhiteFideId "-1"]
[BlackFideId "-1"]
[PlyCount "96"]
[GameId "2267549602300027"]
[EventDate "2025.??.??"]
[EventType "team-tourn"]
[EventRounds "9"]
[EventCountry "GER"]
[SourceTitle "Verband Muensterland"]
[SourceDate "2025.11.13"]
[SourceVersion "1"]
[SourceVersionDate "2025.11.13"]
[SourceQuality "1"]
[WhiteTeam "Emsdetten Rochade II"]
[BlackTeam "Gescher"]
[WhiteTeamCountry "GER"]
[BlackTeamCountry "GER"]

1. d4 Nf6 2. Nf3 e6 3. g3 b6 4. Bg2 Bb7 5. O-O Be7 6. c4 O-O 7. Qc2 Ne4 8. Nc3 Nxc3 9. Qxc3 d6 10. b3 Nd7 11. Rd1 f5 12. e3 Nf6 13. Bb2 h6 14. Nd2 Bxg2 15. Kxg2 Qe8 16. Qd3 Qc6+ 17. Kg1 d5 18. Rac1 Qb7 19. cxd5 Nxd5 20. Qc4 b5 21. Qc6 Qxc6 22. Rxc6 Bd6 23. a3 a5 24. e4 Ne7 25. Rc2 fxe4 26. Nxe4 Rac8 27. Nc5 Bxc5 28. dxc5 Nd5 29. Rd3 c6 30. Re2 Rfe8 31. Rd4 Kf7 32. Rg4 g6 33. h4 h5 34. Rge4 Ra8 35. f3 Rad8 36. Rd2 Nf6 37. Rdd4 Rd5 38. Bc3 Ra8 39. Rxd5 Nxd5 40. Be5 a4 41. b4 Ke7 42. Kf2 Kd7 43. Re2 Rd8 44. Rd2 Rg8 45. Rd4 Rf8 46. Re4 Rf5 47. Kg2 Rf7 48. Bb2 Rf5 1/2-1/2

[Event "Muensterland Verbandsliga 2526"]
[Site "Germany"]
[Date "2026.01.17"]
[Round "5"]
[Board "6"]
[White "Priebs, Ludger"]
[Black "Gerighausen, Karl Heinz"]
[Result "0-1"]
[WhiteElo "1749"]
[BlackElo "1639"]
[WhiteFideId "-1"]
[BlackFideId "-1"]
[PlyCount "68"]
[GameId "2267551926988929"]
[EventDate "2025.??.??"]
[EventType "team-tourn"]
[EventRounds "9"]
[EventCountry "GER"]
[SourceTitle "Verband Muensterland"]
[SourceDate "2025.11.13"]
[SourceVersion "1"]
[SourceVersionDate "2025.11.13"]
[SourceQuality "1"]
[WhiteTeam "Gescher"]
[BlackTeam "Emsdetten Rochade II"]
[WhiteTeamCountry "GER"]
[BlackTeamCountry "GER"]

1. d4 d5 2. c4 e6 3. Nc3 Nf6 4. Bg5 dxc4 5. e3 Be7 6. Bxc4 Nbd7 7. Nf3 h6 8. Bf4 c6 9. a3 Nh5 10. Be5 Nxe5 11. Nxe5 Nf6 12. O-O O-O 13. Rc1 c5 14. dxc5 Bxc5 15. Nd3 Bd6 16. Nb5 Bb8 17. Qf3 a6 18. Nd4 e5 19. Nxe5 Bxe5 20. Rfd1 Bg4 21. Qxb7 Bxd1 22. Rxd1 Qc8 23. Qb3 a5 24. f4 Bxd4 25. Rxd4 Qc7 26. Rd2 Rab8 27. Qc2 Rfd8 28. Re2 Rdc8 29. b3 a4 30. Qa2 axb3 31. Bxb3 Qc1+ 32. Kf2 Ne4+ 33. Kf3 Nc3 34. Bxf7+ Kh8 0-1

[Event "Muensterland Verbandsliga 2526"]
[Site "Germany"]
[Date "2026.01.17"]
[Round "5"]
[Board "7"]
[White "Schulte, Ralf"]
[Black "Reichardt, Markus"]
[Result "1/2-1/2"]
[WhiteElo "1745"]
[BlackElo "1688"]
[WhiteFideId "-1"]
[BlackFideId "-1"]
[PlyCount "67"]
[GameId "2267552913518725"]
[EventDate "2025.??.??"]
[EventType "team-tourn"]
[EventRounds "9"]
[EventCountry "GER"]
[SourceTitle "Verband Muensterland"]
[SourceDate "2025.11.13"]
[SourceVersion "1"]
[SourceVersionDate "2025.11.13"]
[SourceQuality "1"]
[WhiteTeam "Emsdetten Rochade II"]
[BlackTeam "Gescher"]
[WhiteTeamCountry "GER"]
[BlackTeamCountry "GER"]

1. d4 Nf6 2. Nf3 g6 3. Bf4 Bg7 4. c4 O-O 5. Nc3 d5 6. e3 c5 7. dxc5 Qa5 8. Be2 dxc4 9. Bxc4 Nc6 10. O-O Rd8 11. Qb3 e6 12. Qb5 a6 13. Qxa5 Nxa5 14. Be2 Nd5 15. Nxd5 Rxd5 16. Rad1 Bxb2 17. e4 Rxd1 18. Rxd1 Nc6 19. Be3 Kf8 20. Nd2 Nd4 21. Bf1 Nc2 22. Bh6+ Ke7 23. Nc4 Bh8 24. Rb1 Bd4 25. Nb6 Rb8 26. Nxc8+ Rxc8 27. Rxb7+ Kf6 28. Bxa6 Rxc5 29. Bf8 Rc3 30. Rb3 Rc6 31. Bb5 Rc8 32. Bh6 Na1 33. Rb1 Rc2 34. a4 1/2-1/2

[Event "Muensterland Verbandsliga 2526"]
[Site "Germany"]
[Date "2026.01.17"]
[Round "5"]
[Board "8"]
[White "Mantwill, Reiner"]
[Black "Willermann, Norbert"]
[Result "1-0"]
[WhiteElo "1769"]
[BlackElo "1694"]
[WhiteFideId "-1"]
[BlackFideId "-1"]
[PlyCount "53"]
[GameId "2267554042724492"]
[EventDate "2025.??.??"]
[EventType "team-tourn"]
[EventRounds "9"]
[EventCountry "GER"]
[SourceTitle "Verband Muensterland"]
[SourceDate "2025.11.13"]
[SourceVersion "1"]
[SourceVersionDate "2025.11.13"]
[SourceQuality "1"]
[WhiteTeam "Gescher"]
[BlackTeam "Emsdetten Rochade II"]
[WhiteTeamCountry "GER"]
[BlackTeamCountry "GER"]

1. d4 Nf6 2. c4 g6 3. Nc3 Bg7 4. e4 d6 5. Nf3 O-O 6. Be2 Nbd7 7. O-O e5 8. d5 Nc5 9. Nd2 Ne8 10. b4 Na6 11. Rb1 f5 12. f3 Nf6 13. a3 c6 14. Nb3 Qc7 15. Be3 b6 16. dxc6 Nb8 17. b5 Be6 18. Qc2 a6 19. a4 axb5 20. axb5 fxe4 21. fxe4 Ng4 22. Rxf8+ Bxf8 23. Bxg4 Bxg4 24. Qf2 Be6 25. Bxb6 Qe7 26. Nd5 Qg7 27. Nc7 1-0

[Event "Muensterland Verbandsliga 2526"]
[Site "Germany"]
[Date "2026.01.17"]
[Round "5"]
[Board "1"]
[White "Jansen, Dirk"]
[Black "Becker, Daniel"]
[Result "1/2-1/2"]
[WhiteElo "1990"]
[BlackElo "1825"]
[WhiteFideId "-1"]
[BlackFideId "-1"]
[PlyCount "31"]
[GameId "2269795138525768"]
[EventDate "2025.??.??"]
[EventType "team-tourn"]
[EventRounds "9"]
[EventCountry "GER"]
[SourceTitle "Verband Muensterland"]
[SourceDate "2025.11.13"]
[SourceVersion "1"]
[SourceVersionDate "2025.11.13"]
[SourceQuality "1"]
[WhiteTeam "Muenster SK IV"]
[BlackTeam "Nienberge II"]
[WhiteTeamCountry "GER"]
[BlackTeamCountry "GER"]

1. c4 g6 2. Nc3 Bg7 3. Nf3 e5 4. d4 exd4 5. Nxd4 Nc6 6. Nxc6 bxc6 7. g3 Rb8 8. Qc2 Ne7 9. Bg2 O-O 10. O-O d6 11. b3 c5 12. Bb2 Bb7 13. Bxb7 Rxb7 14. Rad1 Nc6 15. e3 Re8 16. Nd5 1/2-1/2

[Event "Muensterland Verbandsliga 2526"]
[Site "Germany"]
[Date "2026.01.17"]
[Round "5"]
[Board "2"]
[White "Bahr, Maximilian"]
[Black "Voß, Norbert"]
[Result "1-0"]
[WhiteElo "1772"]
[BlackElo "1881"]
[WhiteFideId "-1"]
[BlackFideId "-1"]
[PlyCount "63"]
[GameId "2269795138525770"]
[EventDate "2025.??.??"]
[EventType "team-tourn"]
[EventRounds "9"]
[EventCountry "GER"]
[SourceTitle "Verband Muensterland"]
[SourceDate "2025.11.13"]
[SourceVersion "1"]
[SourceVersionDate "2025.11.13"]
[SourceQuality "1"]
[WhiteTeam "Nienberge II"]
[BlackTeam "Muenster SK IV"]
[WhiteTeamCountry "GER"]
[BlackTeamCountry "GER"]

1. e4 d6 2. Nc3 Nf6 3. Nf3 c6 4. d3 e5 5. Be2 Be7 6. h3 O-O 7. O-O Qc7 8. Re1 b5 9. a3 Bb7 10. Bg5 Nbd7 11. Qd2 a6 12. Bf1 d5 13. exd5 cxd5 14. Nh4 d4 15. Ne2 Rfe8 16. Nf5 Bf8 17. f4 Bc5 18. Kh1 h6 19. fxe5 Rxe5 20. Bf4 Qc8 21. Bxe5 Nxe5 22. Qf4 Ng6 23. Qf2 Qd7 24. Kg1 Ba7 25. Nxh6+ gxh6 26. Qxf6 Qc7 27. Qf2 Bb8 28. g3 Qd7 29. Bg2 Ne5 30. Nf4 Bxg2 31. Qxg2 Qf5 32. Qxa8 1-0

[Event "Muensterland Verbandsliga 2526"]
[Site "Germany"]
[Date "2026.01.17"]
[Round "5"]
[Board "3"]
[White "Vogenauer, Nikolas"]
[Black "Althoff, Franz"]
[Result "0-1"]
[WhiteElo "1868"]
[BlackElo "1967"]
[WhiteFideId "-1"]
[BlackFideId "-1"]
[PlyCount "96"]
[GameId "2269795138533964"]
[EventDate "2025.??.??"]
[EventType "team-tourn"]
[EventRounds "9"]
[EventCountry "GER"]
[SourceTitle "Verband Muensterland"]
[SourceDate "2025.11.13"]
[SourceVersion "1"]
[SourceVersionDate "2025.11.13"]
[SourceQuality "1"]
[WhiteTeam "Muenster SK IV"]
[BlackTeam "Nienberge II"]
[WhiteTeamCountry "GER"]
[BlackTeamCountry "GER"]

1. d4 Nf6 2. c4 e6 3. g3 d5 4. Bg2 Be7 5. Nf3 dxc4 6. Qa4+ Bd7 7. Qxc4 Bc6 8. O-O O-O 9. a4 Bd5 10. Qc2 Nc6 11. e3 Nb4 12. Qe2 Be4 13. Ne1 Bxg2 14. Nxg2 c5 15. Rd1 cxd4 16. exd4 Rc8 17. Nc3 Nfd5 18. Nxd5 Qxd5 19. Ne3 Qc6 20. Qb5 Rfd8 21. b3 Nd5 22. Bd2 Nxe3 23. Bxe3 Qf3 24. Rdc1 h5 25. h4 Rxc1+ 26. Rxc1 Ba3 27. Rc7 Bd6 28. Rxb7 Bxg3 29. Qg5 Rc8 30. Qxg3 Qxb7 31. Qd6 Qc7 32. Qb4 a5 33. Qb5 Rb8 34. Qxh5 Rxb3 35. Qf3 Qb7 36. Qh5 Rb1+ 37. Kh2 Rh1+ 38. Kg3 Rg1+ 39. Kf4 Qc7+ 40. Kf3 Qc6+ 41. Kf4 Qxa4 42. Qc5 Qb4 43. Qc8+ Qf8 44. Qa6 Qd8 45. f3 Qxh4+ 46. Ke5 Qg3+ 47. Ke4 Qg6+ 48. Kf4 e5+ 0-1